Statistics for Countries of the World by Initials of Bordering Countries, with a Map

Click here to take the quiz!

General Stats

  • This quiz has been taken 137 times
  • The average score is 64 of 157

Answers on the Map

Answers color-coded by a green-red scale on the quiz's map according to % correct below.
 

Answer Stats

Country% Correct
Gambia
94%
Lesotho
94%
Portugal
94%
Canada
91%
Ireland
91%
Qatar
91%
Brunei
88%
East Timor
87%
Papua New Guinea
87%
San Marino
87%
Sri Lanka
87%
Vatican City
87%
South Korea
85%
Denmark
83%
Dominican Republic
79%
United States
79%
Haiti
78%
Monaco
78%
Mongolia
66%
Uruguay
66%
Sweden
65%
Kuwait
64%
Lebanon
64%
United Kingdom
64%
Finland
63%
Nicaragua
63%
Panama
63%
Mexico
62%
Ecuador
60%
El Salvador
59%
Estonia
59%
Norway
59%
Luxembourg
58%
Netherlands
58%
Paraguay
58%
Suriname
58%
Swaziland
58%
Belize
57%
Chile
57%
Costa Rica
57%
Moldova
57%
United Arab Emirates
57%
Venezuela
57%
Yemen
57%
Argentina
56%
Equatorial Guinea
56%
Tunisia
56%
Peru
55%
Andorra
53%
Bolivia
53%
Colombia
53%
Guatemala
53%
North Korea
53%
Bhutan
52%
Honduras
52%
Latvia
52%
Nepal
52%
Oman
52%
Vietnam
51%
Cambodia
49%
Guyana
49%
Bangladesh
48%
Belgium
45%
Liechtenstein
45%
Indonesia
44%
Morocco
44%
Lithuania
43%
Malaysia
43%
Laos
42%
Thailand
42%
Spain
41%
Djibouti
40%
Guinea-Bissau
38%
Myanmar
38%
Switzerland
38%
Greece
37%
Sierra Leone
37%
Belarus
36%
Egypt
35%
Pakistan
34%
Togo
33%
Georgia
31%
Germany
31%
Israel
31%
Somalia
31%
India
30%
Italy
30%
South Africa
30%
Brazil
29%
Eritrea
29%
Kosovo
29%
Liberia
29%
Mauritania
29%
Albania
28%
Ghana
28%
Namibia
28%
Poland
28%
Afghanistan
27%
Malawi
27%
Senegal
27%
Armenia
26%
Azerbaijan
26%
Czech Republic
26%
Botswana
24%
Bulgaria
24%
Jordan
24%
Kazakhstan
24%
Kyrgyzstan
24%
Libya
24%
Slovenia
24%
Algeria
23%
Benin
23%
Macedonia
23%
Gabon
22%
Syria
22%
Ukraine
22%
Burundi
21%
Tajikistan
21%
Bosnia and
Herzegovina
20%
Côte d'Ivoire
20%
Ethiopia
20%
Iraq
20%
Rwanda
20%
Turkmenistan
20%
Uzbekistan
20%
Croatia
19%
Mozambique
19%
Slovakia
19%
Turkey
19%
Kenya
17%
Montenegro
17%
Nigeria
17%
Sudan
17%
Zimbabwe
17%
Angola
16%
Austria
16%
Guinea
16%
Romania
15%
Saudi Arabia
15%
South Sudan
15%
Burkina Faso
14%
Chad
14%
Iran
14%
Niger
14%
Rep. of the Congo
14%
Cameroon
13%
France
13%
Hungary
13%
Mali
12%
Serbia
12%
Uganda
12%
Central African
Republic
10%
Russia
10%
Tanzania
10%
China
9%
Zambia
9%
D. R. Congo
6%

Score Distribution

Percentile by Number Answered

Percent of People with Each Score

Your Score History

You have not taken this quiz